Normal view
MARC view
- Klempner , Geoff ,Kerszenbaum , Isidor
Entry Personal Name
001 - CONTROL NUMBER
- control field: 58907
003 - CONTROL NUMBER IDENTIFIER
- control field: NUST
005 - DATE AND TIME OF LATEST TRANSACTION
- control field: 20210628202231.0
008 - FIXED-LENGTH DATA ELEMENTS
- fixed length control field: 210628|| aca||aabn | a|a d
040 ## - CATALOGING SOURCE
- Original cataloging agency: NUST
- Transcribing agency: NUST
100 ## - HEADING--PERSONAL NAME
- Personal name: Klempner , Geoff ,Kerszenbaum , Isidor
670 ## - SOURCE DATA FOUND
- Source citation: Work cat.: (NUST): Klempner , Geoff ,Kerszenbaum , Isidor, Operation and maintenanice of large turbo generators, 2004
